Comparative political systems: studies in the politics of pre-industrial societies
Wedi'i Gadw mewn:
| Prif Awduron: | , |
|---|---|
| Fformat: | Llyfr |
| Iaith: | Saesneg |
| Cyhoeddwyd: |
Nueva York
The Natural History Press
1967
|
| Rhifyn: | 1a. ed |
| Pynciau: | |
| Tagiau: |
Ychwanegu Tag
Dim Tagiau, Byddwch y cyntaf i dagio'r cofnod hwn!
|
MARC
| LEADER | 00000cam a2200000 a 4500 | ||
|---|---|---|---|
| 001 | UCC7291 | ||
| 003 | CL-VaPUC | ||
| 008 | 190322e19670000us |||||||||||||||||eng|d | ||
| 082 | 0 | 4 | |a 320 |b COH |2 21 |
| 100 | 0 | |a Cohen, Ronald |e author |9 601844 | |
| 700 | 0 | |a Middleton, John |e author |9 601845 | |
| 245 | 1 | 0 | |a Comparative political systems: studies in the politics of pre-industrial societies |
| 250 | |a 1a. ed | ||
| 300 | |a 512 p | ||
| 942 | |c BK | ||
| 945 | |d 20190322 14:57:00 |a dcastane | ||
| 260 | |a Nueva York |b The Natural History Press |c 1967 | ||
| 650 | 0 | |a Ciencias Políticas |9 255201 | |
| 650 | 7 | |a SISTEMAS POLITICOS |2 CL-VaPUC |9 601846 | |
| 650 | 7 | |a TEORIA POLITICA |2 CL-VaPUC |9 601847 | |
| 583 | |a last modification |c 20190322 14:57:00 |k Rodrigo Vera | ||
| 999 | |c 373975 |d 373973 | ||
| 952 | |0 0 |1 0 |3 erb |4 0 |6 320_000000000000000_COH_1967 |7 0 |8 A |9 492313 |a BIBHIS |b BIBHIS |i 5537886 |o 320 COH 1967 |p 5537886 |r 2025-01-20 |w 2019-11-24 |y BK |z Catalogado en:20190322 |k HIS | ||